00477cam a2200157 a 45000010009000000050017000090080041000260200015000670400013000820820018000951000023001132450070001362600083002063000012002896500018003011455075820240214050039.0060914s2002 ce b 000 0 eng  a9558698008 aDLCcDLC 222a320bLAK.1 aFernando, Laksiri.12aA political science approach to human rights /cLaksiri Fernando. aColombo :bCentre for the Study of Human Rights, University of Colombo,c2002. a88 p. ; 0aHuman rights.